Hidden Girls Names - Statistics

General Stats
  • This quiz has been taken 47 times
  • The average score is 9 of 15
Answer Stats
Hint Answer % Correct
Being ill I answered with a wrong answer Gillian
77%
The cloudy sky lies to us constantly Kylie
73%
Uncle Owen dyes his clothes strange colours Wendy
70%
Don't worry large or giant boxes are allowed in here Georgia
67%
In the river Tamar you can swim safely Mary
67%
I saw a salsa man that couldn't dance Samantha
67%
For my long journey I went in a yellow taxi Tina
60%
Sam, Eli and Joshua are all biblical boys names Amelia
57%
I can tell the ham you sent me was off Amy
57%
Please pass me the tan gel and towel Dad Angela
53%
In Redcar Oli never ever got the first round of drinks Caroline
53%
There is a handsome man next in the queue Anne
50%
I served them marble cake and custard for dessert Emma
50%
So Aida is your favourite opera is it then? Daisy
47%
I wonder, could the young lend a hand to the old? Glenda
47%
No matching quizzes found
Score Distribution
Percent of People with Each Score
Percentile by Number Answered
Your Score History
You have not taken this quiz